00354nam a2200133Ia 450000500170000000800410001702000180005808200130007610000180008924500280010726000460013530000130018165000260019420250430051814.0240331s9999 xx 000 0 und d a9789558770030 bWEEa891 aWeerasinghe,A 0aSinhala natya hadareema aBorelsganuwabSanskurthi Publishersc2009 a148 p ., aSinhala Drama Fiction